Dudiya In Your Burning Land/ (Record no. 206560)
[ view plain ]
| 000 -LEADER | |
|---|---|
| fixed length control field | 00602nam a2200193 4500 |
| 005 - DATE AND TIME OF LATEST TRANSACTION | |
| control field | 20241022121616.0 |
| 010 ## - LCCN (DPL NO) | |
| LC control number | ENG-142252 |
| 020 ## - INTERNATIONAL STANDARD BOOK NUMBER | |
| Terms of availability | 395.00 |
| International Standard Book Number | 9789391125653 |
| 035 ## - SYSTEM CONTROL NUMBER | |
| System control number | EN-125784 |
| 037 ## - SOURCE OF ACQUISITION | |
| Source of stock number/acquisition | DBAD |
| 082 ## - DEWEY DECIMAL CLASSIFICATION NUMBER | |
| Classification number | N |
| 100 ## - MAIN ENTRY--PERSONAL NAME | |
| Personal name | Patil, Vishwas |
| 245 ## - TITLE STATEMENT | |
| Title | Dudiya In Your Burning Land/ |
| Remainder of title | Translated by Nadeem Khan |
| 250 ## - EDITION STATEMENT | |
| Edition statement | First |
| 260 ## - PUBLICATION, DISTRIBUTION, ETC. (IMPRINT) | |
| Name of publisher, distributor, etc | Niyogi Books |
| Place of publication, distribution, etc | Okhla |
| Date of publication, distribution, etc | 2023 |
| 270 ## - ADDRESS | |
| Address | Block-D, Building No. 77, Okhla Industrial Area, Phase-1 |
| City | New Delhi |
| Postal code | 110020 |
| Telephone number | 911126816301 |
| -- | 26818960 |
| Electronic mail address | niyogibooks@gmail.com |
| 300 ## - PHYSICAL DESCRIPTION | |
| Extent | 219p. |
| Dimensions | 20cm(pb) |
| 942 ## - ADDED ENTRY ELEMENTS (KOHA) | |
| Source of classification or shelving scheme | Dewey Decimal Classification |
| Item type | English Books |
| Classification part | N |
| Call number suffix | PAT |
| Edition | 2023 |
| Withdrawn status | Lost status | Not for loan | Collection code | Home library | Current library | Date acquired | Source of acquisition | Cost, normal purchase price | Full call number | Barcode | Copy number | Cost, replacement price | Koha item type |
|---|---|---|---|---|---|---|---|---|---|---|---|---|---|
| Fiction | Bawana | Bawana | 22/10/2024 | DBAD | 395.00 | N PAT | EN-125784 | 1 | 395.00 | English Books |
